| 000 | 00928nam a22002537a 4500 | ||
|---|---|---|---|
| 005 | 20180207112914.0 | ||
| 010 | _a1718EN-30 ENG-121889 | ||
| 020 |
_a9789332579446 _c679.00 |
||
| 035 | _aEN-105421 | ||
| 035 | _aB-684202-207 | ||
| 037 |
_bBSB _adpl |
||
| 037 | _bDBAD/PUB | ||
| 082 | _a150 | ||
| 100 | _aCiccarelli, Saundra K. | ||
| 245 |
_aPsychology / _cby Saundra K. Ciccarelli [and] J.Noland White |
||
| 250 | _a4th ed | ||
| 260 |
_c2017 _aNoida _bPearson India |
||
| 270 |
_a15th Floor,, Tower-B, World Trade, Plot No.1, Block-C, Sector-16, _bNoida _e201301 |
||
| 300 |
_c25cm(pbk) _a784p. : _bill. |
||
| 500 | _aIncludes bibliographical references and index | ||
| 700 | _aWhite, J.Noland | ||
| 942 |
_cEN _2ddc _mCIC _h150 |
||
| 999 |
_c144308 _d144308 |
||